| 000 | 00473nam a22001337a 4500 | ||
|---|---|---|---|
| 003 | SGT | ||
| 082 |
_a617.643 _bT19S |
||
| 100 | _aSINGH, ABHISHEK KUMAR | ||
| 245 | _aTHE EFFICACY OF LUGOL'S IODINE SOLUTION IN DETECTING DYSPLASIA AND CARCINOMA INSITU AROUND ORAL CANCEROUS & PRECANCEROUS LESIONS & ITS IMPACT ON THE MARGINAL CLEARANCE AFTER RESECTION | ||
| 260 |
_aDELHI NCR _bSGT UNIVERSITY GURUGRAM _c2018 |
||
| 300 | _a1-73 | ||
| 650 | _aORAL SURGERY | ||
| 942 |
_2ddc _cTH |
||
| 999 |
_c18468 _d18468 |
||